Morhotronic. Trouble World

Bibliographic Details
Corporate Author: Morhotronic (hudobná skupina) (uci)
Other Authors: Šimková, Jena, 1954- (Photographer)
Format: Book
Language:English
PhysicalDescription:1 kompaktná platňa stereo
Published: Bratislava Škvrna records 1996
Subjects:

MARC

LEADER 00000nam a2200000 a 4500
001 vtls001219346
003 SK-MaSNL
005 20260301112500.0
008 130606s1996 xo 0 eng
015 |a SNBJ1997/03-01201 
035 |a SNK000163506 
040 |a SNK  |b slo  |c SNK  |e AACR2 
044 |a xo  |c SK 
080 |a 784.66:785.1(086.7)  |2 1981 
245 1 |a Morhotronic. Trouble World  |h zvukový dokument 
260 |a Bratislava  |b Škvrna records  |c 1996 
300 |a 1 kompaktná platňa  |b stereo 
500 |a Fotograf Jana Šimková 
505 0 |a Obsahuje 10 piesní 
511 |a Účinkuje skupina Morhotronic 
650 0 7 |a populárna hudba  |x platne kompaktné  |2 SNK  |9 283660 
655 7 |a kompaktné platne  |2 SNK  |9 70690 
700 1 |a Šimková, Jena,  |d 1954-  |4 pht  |9 132787 
710 2 |a Morhotronic (hudobná skupina)  |4 uci  |9 32292 
999 |c 710698  |d 712628 
952 |t P60, <03>, [BOOK], {603}  |a SNK  |b SNK  |y PREZ  |7 0  |p 17A0005376  |o snkSCD 551  |i snkJK 165/96  |0 0  |1 0  |4 0  |d 1996-08-06  |l 0  |r 2005-01-01 00:00:00  |w 2026-02-23